El Monestir de Santa Maria d'Amer a l'època moderna : religió, cultura i poder : de la reforma benedictina a la vigília de les desamortitzacions (1592-1835) / estudi i edició a cura de Xavier Solà i Colomer religió, cultura i poder :

ISBN: 978-84-9779-949-2
Publicado: Barcelona : Fundació Noguera ; Lleida : Pagès Editors , 2010
Descripción Física: 2 v. (799 p.) ; 24 cm
Colección: Estudis ; 53-54

MARC

LEADER 00000nam a2200000Ia 4500
001 23018, 23019
008 160829s2010 xx 000 0 cat d
020 |a 978-84-9779-949-2 (o.c.), 978-84-9779-950-8 (v.1), 978-84-9779-951-5 (v.2) 
080 |a H-3-124, H-3-125 
245 |a El Monestir de Santa Maria d'Amer a l'època moderna :  |b  religió, cultura i poder :  |b  de la reforma benedictina a la vigília de les desamortitzacions (1592-1835) / estudi i edició a cura de Xavier Solà i Colomer 
260 |a Barcelona :  |b Fundació Noguera ; Lleida :  |b Pagès Editors,  |c 2010 
300 |a 2 v. (799 p.) ;  |c 24 cm 
490 |a Estudis ; 53-54 
590 |a Bibliografia 
650 |a Monestir d'Amer  |x Història  |x Fonts  |9 45464 
700 |a Solà Colomer, Xavier, ed.   |9 45465 
700 |a Fundació Noguera   |9 70407 
901 |a Arxiu 
942 |n 1 
952 |0 0  |1 0  |4 0  |6 H3124_H3125  |7 1  |9 52614  |a Arxiu  |b Arxiu  |d 2016-12-01  |l 0  |o H-3-124, H-3-125  |p 23018, 23019  |r 2016-12-01 00:00:00  |w 2016-12-01  |y ARXIU 
999 |c 56463  |d 56463